Stratigraphic studies of Pennsylvanian outcrops in part of southeastern Illinois / (Record no. 27407)

MARC details
000 -LEADER
fixed length control field 00811cam a22002291i 4500
001 - CONTROL NUMBER
control field gs 37000322
003 - CONTROL NUMBER IDENTIFIER
control field DLC
005 - DATE AND TIME OF LATEST TRANSACTION
control field 20260227111342.0
008 - FIXED-LENGTH DATA ELEMENTS--GENERAL INFORMATION
fixed length control field 780327s1937 iluab s000 0 eng
010 ## - LIBRARY OF CONGRESS CONTROL NUMBER
LC control number gs 37000322
035 ## - SYSTEM CONTROL NUMBER
System control number (OCoLC)3752606
040 ## - CATALOGING SOURCE
Original cataloging agency DLC
Transcribing agency InES
Modifying agency DLC
042 ## - AUTHENTICATION CODE
Authentication code premarc
050 00 - LIBRARY OF CONGRESS CALL NUMBER
Classification number QE673
Item number .N4
100 1# - MAIN ENTRY--PERSONAL NAME
Personal name Newton, William Albert,
Dates associated with a name 1912-
245 10 - TITLE STATEMENT
Title Stratigraphic studies of Pennsylvanian outcrops in part of southeastern Illinois /
Statement of responsibility, etc. by William A. Newton and J. Marvin Weller.
260 ## - PUBLICATION, DISTRIBUTION, ETC.
Place of publication, distribution, etc. Urbana :
Name of publisher, distributor, etc. Printed by authority of the state of Illinois,
Date of publication, distribution, etc. 1937.
300 ## - PHYSICAL DESCRIPTION
Extent 31 p. :
Other physical details ill., maps, tables, diagr. ;
Dimensions 25 cm.
650 #0 - SUBJECT ADDED ENTRY--TOPICAL TERM
Topical term or geographic name entry element Geology
Geographic subdivision Illinois.
650 #0 - SUBJECT ADDED ENTRY--TOPICAL TERM
Topical term or geographic name entry element Geology, Stratigraphic
Chronological subdivision Paleozoic.
700 1# - ADDED ENTRY--PERSONAL NAME
Personal name Weller, J. Marvin
Fuller form of name (James Marvin),
Dates associated with a name 1899-
Relator term joint author.

No items available.

Powered by Koha